000 01107nam a22002537a 4500
005 20160826113109.0
008 160826b mx ||||| |||| 00| 0 spa d
020 _a9786079165208
050 0 4 _aLC5808.M62.Z33
_bP73 2011
245 0 0 _aPráctica de la enseñanza en telesecundarias. Un estudio en el Estado de Zacatecas
_c / Marco Antonio Salas Luévano, Elena Anatolieva Zhizhko (coordinadores)
250 _a1a ed.
260 _aMéxico :
_bUniversidad Autónoma de Zacatecas;
260 _bUnidad Académica de Docencia Superior;
260 _bPrograma de Maestría en Ciencias de la Educación,
_c2011
300 _a127 p. ;
_c21 cm.
490 0 _aTópicos Educativos: Políticas, Cultura y Diversidad Educativa
504 _aIncluye bibliografía
650 7 _2lemb
_aEducación a distancia
_zMéxico
_zZacatecas (Estado)
650 7 _2lemb
_aEducación secundaria
_zMéxico
_zZacatecas (Estado)
650 7 _2lemb
_aTelevisión en la educación
_zMéxico
_zZacatecas (Estado)
700 1 _aSalas Luévano, Marco Antonio
_ecoord.
700 1 _aZhizhko, Elena Anatolieva
_ecoord.
942 _2lcc
_cLIB
999 _c59405
_d59405